00450nam a2200145 a 4500008004100000020001500041050001500056245007700071260004000148300002100188350000900209650003600218650004000254650001000294060316s1998 ||||||||||||||||| || u a0750636254 aTN 671 Smi00aSmithells light metals handbookcedited by E. A. Brandes and G. B. Brook aOxfordbButterworth-Heinemannc1998 avii, 194p.: ill. a0.00 aMETALS--HANDBOOKS, MANUALS, ETC aMetallurgy--Handbooks, manuals, etc aMETAL